000 01703cam a22004454i 4500
003 PE-LiUPU
005 20250731173119.0
008 150623s r 000 0 d
020 _a9879403363
035 _a(Sirsi) i9789879403365
040 _aPE-LiUPU
_bspa
_cPE-LiUPU
_erda
049 _aPRUA
082 0 4 _a266.001
_bB16
_221
100 1 _aBakke, Raymond,
_eautor.
245 1 0 _aMisión integral en la ciudad /
_cRaymond Bakke.
264 1 _aBuenos Aires :
_bKairos,
_c2002.
300 _a119 páginas ;
_c22 centímetros
336 _atext
_2rdacontent
337 _aunmediated
_2rdamedia
338 _avolume
_2rdacarrier
505 0 _aJonás: la misión de Dios en el contexto de opresión y violencia. Los tres persas y la misión de Dios en contexto, pobreza y desarerollo. La navidad de Mateo y la misión mundial. La iglesia central de Antioquia, que inventò la misión transcultural. El drama de la evangelización del Nuevo Testamento :Onésimo, el refugiado internacional. Palabras finales.
526 _aSEG42
526 _aSEG41
526 _aSEG40
526 _aSEG39
526 _aP94
526 _aP87
526 _aP86
526 _aP85
526 _aP77
526 _aP76
526 _aP35
650 0 4 _aMisión de la iglesia.
942 _2ddc
_cBOOK
949 _a266.001 B16
_wDEWEY
_c1
_i50411
_lCCODEBUL1
_mBUL
_r0
_sY
_tBOOK
_u2015-6-24
_xTEOLOGIA
_PP35
_0COMPRA
_o.STAFF. Colección General
994 _aC0
_bPEPRU
596 _a1
999 _a266.001 B16
_wDEWEY
_c32248
_i50411
_f2021-11-10
_g5
_lCCODEBUL1
_mBUL
_q1
_r0
_sY
_tBOOK
_u2015-6-24
_xTEOLOGIA
_PP35
_0COMPRA
_o.STAFF. Colección General
_d32248
980 _81
_gALBERTO SANCHEZ Responsable de Automatización